<?xml version="1.0" encoding="UTF-8"?><?xml-stylesheet type="text/xsl" href="static/style.xsl"?><OAI-PMH xmlns="http://www.openarchives.org/OAI/2.0/" xmlns:xsi="http://www.w3.org/2001/XMLSchema-instance" xsi:schemaLocation="http://www.openarchives.org/OAI/2.0/ http://www.openarchives.org/OAI/2.0/OAI-PMH.xsd"><responseDate>2026-04-14T03:28:22Z</responseDate><request verb="GetRecord" identifier="oai:www.recercat.cat:20.500.14342/4216" metadataPrefix="marc">https://recercat.cat/oai/request</request><GetRecord><record><header><identifier>oai:recercat.cat:20.500.14342/4216</identifier><datestamp>2025-05-14T20:03:57Z</datestamp><setSpec>com_2072_482406</setSpec><setSpec>com_2072_183628</setSpec><setSpec>col_2072_482425</setSpec></header><metadata><record xmlns="http://www.loc.gov/MARC21/slim" xmlns:dcterms="http://purl.org/dc/terms/" xmlns:xsi="http://www.w3.org/2001/XMLSchema-instance" xmlns:doc="http://www.lyncode.com/xoai" xsi:schemaLocation="http://www.loc.gov/MARC21/slim http://www.loc.gov/standards/marcxml/schema/MARC21slim.xsd">
   <leader>00925njm 22002777a 4500</leader>
   <datafield ind2=" " ind1=" " tag="042">
      <subfield code="a">dc</subfield>
   </datafield>
   <datafield ind2=" " ind1=" " tag="720">
      <subfield code="a">Roca Fernàndez, Alba</subfield>
      <subfield code="e">author</subfield>
   </datafield>
   <datafield ind2=" " ind1=" " tag="260">
      <subfield code="c">2018-11</subfield>
   </datafield>
   <datafield ind2=" " ind1=" " tag="520">
      <subfield code="a">Volunteer tourism is an emerging trend growing fast among Millennials around the world. This&#xd;
project involves an insight of what volunteer tourism is, which are their main typologies as well&#xd;
as the main implications. Furthermore, the main characteristics of the Millennial volunteer&#xd;
travelers are identified likewise their travel behavior. Besides, through the literature and two&#xd;
data collection techniques, which are interviews and surveys, the needs and travel motivations&#xd;
of the Millennial tourists involved in volunteer tourism are studied and the role played by&#xd;
NGOs in volunteer tourism. The aim of this research is to determine whether the volunteer&#xd;
tourism products that are currently in the market are designed taking into account the needs&#xd;
and travel motivations of the Millennial traveler. The results of this study suggest that there is&#xd;
no such approach but it has been observed that the actual volunteer tourism offer is aligned&#xd;
with the travel requirements of the Milennial traveler.</subfield>
   </datafield>
   <datafield ind1="8" ind2=" " tag="024">
      <subfield code="a">http://hdl.handle.net/20.500.14342/4216</subfield>
   </datafield>
   <datafield ind2="0" ind1="0" tag="245">
      <subfield code="a">Volunteer tourism products meeting the needs of the Millennial traveler</subfield>
   </datafield>
</record></metadata></record></GetRecord></OAI-PMH>